[Event "Graz"]
[Site "Graz"]
[Date "1991.??.??"]
[Round "3"]
[White "Barbero, Gerardo F"]
[Black "Vukic, Milan"]
[Result "1/2-1/2"]
[WhiteElo "2495"]
[BlackElo "2500"]

1.d4 Nf6 2.c4 g6 3.Nc3 Bg7 4.e4 d6 5.Nf3 O-O 6.Be2 e5 7.Be3 Ng4 8.Bg5 f6
9.Bc1 Nc6 10.O-O Nh6 11.dxe5 dxe5 12.Qd5+ Nf7 13.Be3 Bg4 14.Rad1 Qc8 15.c5 Be6
16.Qd3 Ne7 17.Nd5 Re8 18.Qb3 c6 19.Bc4 cxd5 20.exd5 Nxd5 21.Bxd5 Bxd5 22.Rxd5 Re7
23.Rfd1 Bf8 24.Nd2 Qe6 25.Ne4 a6 26.f3 f5 27.Nd6 Nxd6 28.cxd6 Rd7 29.Bb6 Re8
30.Bc7 e4 31.fxe4 fxe4 32.Qe3 h5 33.R5d4 Kh7 34.Re1 Bxd6  1/2-1/2

[Event "Graz"]
[Site "Graz"]
[Date "1991.??.??"]
[Round "5"]
[White "Wells, Peter K"]
[Black "Brunner, Lucas"]
[Result "1-0"]
[WhiteElo "2460"]
[BlackElo "2460"]

1.d4 Nf6 2.c4 g6 3.Nc3 Bg7 4.e4 d6 5.Be2 O-O 6.Nf3 e5 7.Be3 Na6 8.O-O Ng4
9.Bg5 Qe8 10.dxe5 h6 11.Bh4 dxe5 12.Nd2 Nf6 13.Nd5 Qd8 14.f4 exf4 15.e5 Nxd5
16.Bxd8 Ne3 17.Qc1 Nxf1 18.Bf6 Bxf6 19.exf6 Ne3 20.c5 Nb4 21.Nc4 Nbc2 22.Nxe3 Nxe3
23.Qe1 Re8 24.Qh4 Nf5 25.Qf2 Re3 26.Re1 Bd7 27.Qxf4 g5 28.Qxc7 Bc6 29.Bh5 Rxe1+
30.Kf2 Rc1 31.Bxf7+ Kf8 32.Bg6 Rc2+ 33.Ke1 Re8+ 34.Bxe8 Bxe8 35.g4 Rc4 36.gxf5 Re4+
37.Kd2 Rd4+ 38.Kc3 Rd7 39.Qe5 a5 40.b3 h5 41.Qe3 Rc7  1-0

[Event "Graz"]
[Site "Graz"]
[Date "1991.??.??"]
[Round "6"]
[White "Fauland, Alexander"]
[Black "Vukic, Milan"]
[Result "1/2-1/2"]
[WhiteElo "2470"]
[BlackElo "2500"]

1.d4 Nf6 2.c4 g6 3.Nc3 Bg7 4.e4 d6 5.Be2 O-O 6.Nf3 e5 7.Be3 Ng4 8.Bg5 f6
9.Bc1 Nc6 10.O-O Nh6 11.dxe5 dxe5 12.Qd5+ Nf7 13.Be3 Bg4 14.Rfd1 Qc8 15.Ne1 Be6
16.Qb5 Nd6 17.Qa4 Nd4 18.c5 Nxe2+ 19.Nxe2 Nc4 20.Bc1 Rd8 21.Nd3 Qd7 22.Qc2 Qf7
23.b3 Na5 24.Bd2 Nc6 25.Nb4 Nxb4 26.Bxb4 Bf8 27.Nc3 c6 28.Na4 Qc7 29.Qc3 Rxd1+
30.Rxd1 Rd8 31.Rd3 Kf7 32.Nb2 Rxd3 33.Nxd3 Qd8 34.Ba3 a5 35.Bb2 Bxc5 36.Qxc5 Qxd3
37.h3 Qb1+ 38.Bc1 g5 39.Kh2 Qxa2 40.Ba3 Kg6 41.f3 Qxb3 42.Qxa5 h5 43.Be7 Qd3
44.Qa8 Qd7 45.Qf8 Bf7 46.Bc5 Qd2 47.Be7 Qf4+ 48.Kh1 g4 49.hxg4 hxg4 50.fxg4 Qxg4
51.Qh8 Qg5 52.Kg1 b5 53.Bf8 Qe3+ 54.Kh2 Qf4+ 55.Kg1 Qxe4 56.Qg7+ Kf5 57.Qxf7 Qe1+
58.Kh2 Qh4+ 59.Kg1 Ke4 60.Bb4 Qg5 61.Qa2 Qe3+ 62.Kf1 f5 63.Bd2 Qd3+ 64.Ke1 f4
65.Qe6 Qd5 66.Qh3 Qc5 67.Qf3+ Kf5 68.Qh3+ Kf6 69.Bc3 Ke7 70.Qh7+ Kd6 71.Qg6+  1/2-1/2

[Event "Graz"]
[Site "Graz"]
[Date "1991.??.??"]
[Round "7"]
[White "Wells, Peter K"]
[Black "Uhlmann, Wolfgang"]
[Result "0-1"]
[WhiteElo "2460"]
[BlackElo "2510"]

1.d4 Nf6 2.c4 g6 3.Nc3 Bg7 4.e4 d6 5.Be2 O-O 6.Nf3 e5 7.Be3 h6 8.O-O Ng4
9.Bc1 Nc6 10.d5 Ne7 11.Ne1 h5 12.Nc2 c5 13.f3 Nh6 14.f4 exf4 15.Bxf4 f6 16.Rb1 h4
17.Qe1 g5 18.Bd2 a5 19.Kh1 Ng6 20.Ne3 Nf4 21.Bd1 f5 22.Bc2 Re8 23.g3 hxg3
24.hxg3 Nh5 25.exf5 Bd4 26.Kg2 Nf6 27.Qc1 Re5 28.Ned1 Nxf5 29.Bxg5 Qe7 30.Bxf6 Qxf6
31.Qf4 Qg7 32.Ne4 Bd7 33.Bd3 Rf8 34.Ng5 Ne3+  0-1

[Event "Groningen op"]
[Site "Groningen"]
[Date "1991.??.??"]
[Round "1"]
[White "Serrer, Christoph"]
[Black "Bosboom, Manuel"]
[Result "1/2-1/2"]
[WhiteElo "2300"]
[BlackElo "2460"]

1.Nf3 g6 2.d4 Nf6 3.c4 Bg7 4.Nc3 O-O 5.e4 d6 6.Be2 e5 7.dxe5 dxe5 8.Qxd8 Rxd8
9.Bg5 Na6 10.Nd5 Rd6 11.Bxf6 Bxf6 12.Nxf6+ Rxf6 13.Nxe5 Re6 14.f4 Re8 15.Bf3 f6
16.Nd3 Bf5 17.O-O-O Bxe4 18.Bxe4 Rxe4 19.b3 Rd8 20.Rd2 Red4  1/2-1/2

[Event "Groningen op"]
[Site "Groningen"]
[Date "1991.??.??"]
[Round "6"]
[White "Zlotnik, Boris A"]
[Black "Kaminski, Marcin"]
[Result "0-1"]
[WhiteElo "2450"]
[BlackElo "2320"]

1.d4 Nf6 2.c4 g6 3.Nc3 Bg7 4.e4 d6 5.Nf3 O-O 6.Be2 e5 7.d5 a5 8.Bg5 h6 9.Bh4 Na6
10.O-O Qe8 11.Nd2 Nh7 12.Nb5 h5 13.f3 Bh6 14.Kh1 f5 15.exf5 Bxf5 16.Nc3 Nc5
17.Nb3 Be3 18.Be1 Qe7 19.Bd2 Bxd2 20.Qxd2 Nxb3 21.axb3 Nf6 22.Nd1 b6 23.Ne3 Qg7
24.b4 axb4 25.Qxb4 Qh6 26.Qc3 h4 27.Rae1 Nh5 28.Kg1 Qg5 29.Rf2 Rf7 30.Bd1 Nf4
31.Rd2 Raf8 32.b4 e4 33.Rf1 Bh3 34.Kh1 Nxg2 35.Nxg2 exf3 36.Bxf3 Rxf3 37.Rxf3 Rxf3
38.Qxf3 Qxd2 39.Kg1 Qxg2+ 40.Qxg2 Bxg2 41.Kxg2 Kf7 42.Kf3 Kf6 43.Kf4 g5+
44.Kg4 Kg6 45.Kf3 Kf5 46.h3 g4+ 47.hxg4+ Kg5 48.b5 h3 49.Kg3 h2 50.Kxh2 Kxg4
51.Kg2 Kf4 52.Kh3 Ke4 53.Kg4 Kd4 54.Kf5 Kxc4 55.Ke6 Kxb5 56.Ke7 Kc5  0-1

[Event "Groningen op"]
[Site "Groningen"]
[Date "1991.??.??"]
[Round "6"]
[White "Hoffmann, Michael"]
[Black "Repkova Eid, Eva"]
[Result "1-0"]
[WhiteElo "2465"]
[BlackElo "2170"]

1.d4 Nf6 2.c4 g6 3.Nc3 Bg7 4.e4 d6 5.Nf3 O-O 6.Be2 e5 7.d5 a5 8.Bg5 Na6 9.Nd2 Qe8
10.g4 Nc5 11.h4 c6 12.Be3 Qd8 13.h5 Bd7 14.g5 Ne8 15.Nb3 Nxb3 16.Qxb3 Rb8
17.O-O-O Nc7 18.hxg6 fxg6 19.c5 a4 20.Qc4 cxd5 21.Nxd5 Be6 22.Nxc7 Bxc4 23.Bxc4+ Rf7
24.Nb5 Kf8 25.Bxf7 Kxf7 26.Rxd6 Qa5 27.Rb6 Kg8 28.Bd2 Qa8 29.Nc7 Qa7 30.Nd5 Re8
31.Kb1 a3 32.b4 Qa8 33.Nc7 Qd8 34.Nd5 Qc8 35.Be3 Qg4 36.Nc3 Re7 37.Rd1 Bf8
38.Kc2 Rd7 39.Rxd7 Qxd7 40.Kb3 Be7 41.Nd5 Kf7 42.Kxa3 Ke8 43.Kb3 Bd8 44.Rd6 Qf7
45.Kb2 Bxg5 46.Bxg5 Qxf2+ 47.Ka3 Qf3+ 48.Ka4 Qe2 49.a3 Qg2 50.Rd8+ Kf7 51.Rd7+ Kg8
52.Nf6+  1-0

[Event "Groningen"]
[Site "Groningen"]
[Date "1991.??.??"]
[Round "9"]
[White "Ftacnik, Lubomir"]
[Black "Piket, Jeroen"]
[Result "1/2-1/2"]
[WhiteElo "2575"]
[BlackElo "2590"]

1.d4 Nf6 2.Nf3 g6 3.c4 Bg7 4.Nc3 O-O 5.e4 d6 6.Be2 e5 7.O-O exd4 8.Nxd4 Re8
9.f3 c6 10.Kh1 a6 11.Nb3 b5 12.Bf4 Bf8 13.c5 d5 14.Bg5 Ra7 15.Rc1 Be7 16.Bf4 Be6
17.Nd4 Qd7 18.exd5 Bxd5 19.Qd2 Bxc5 20.Rfd1 Bb6 21.Bxb8 Rxb8 22.Nxd5 cxd5
23.Qf4 Re8 24.Qxf6 Bxd4 25.Qxd4 Rxe2 26.Rc5 Qe8 27.h3 Rd7 28.Qc3 Qe5 29.Qxe5 Rxe5
30.a3 Kg7 31.Rd2 g5 32.a4 bxa4 33.Ra5 Re6 34.Raxd5 Rxd5 35.Rxd5 h6 36.Ra5 Rb6
37.Rxa4 Rxb2 38.Rxa6  1/2-1/2

[Event "Guildford"]
[Site "Guildford"]
[Date "1991.??.??"]
[Round "?"]
[White "Parker, Jonathan"]
[Black "Buckley, Graeme"]
[Result "1-0"]
[WhiteElo "2335"]
[BlackElo "2285"]

1.d4 Nf6 2.c4 g6 3.Nc3 Bg7 4.e4 O-O 5.Nf3 d6 6.Be2 e5 7.Be3 Ng4 8.Bg5 f6
9.Bc1 Nc6 10.h3 exd4 11.Nxd4 Nge5 12.Be3 Nxd4 13.Bxd4 f5 14.exf5 Bxf5 15.O-O Be6
16.f4 c5 17.fxe5 Rxf1+ 18.Bxf1 cxd4 19.Qxd4 Bxe5 20.Qe3 Qh4 21.Rd1 Rf8 22.c5 Bg4
23.Bc4+ Kg7 24.cxd6 Bxd1 25.Qxe5+ Kh6 26.Qe3+ Kh5 27.Nxd1 Qxc4 28.g4+ Kh4
29.Qh6+ Kg3 30.Qxf8  1-0

[Event "Gyor-J"]
[Site "Gyor"]
[Date "1991.??.??"]
[Round "?"]
[White "Zvjaginsev, Vadim"]
[Black "Jusic, Zdenko"]
[Result "1-0"]
[WhiteElo "2400"]
[BlackElo "2380"]

1.d4 Nf6 2.c4 g6 3.Nc3 Bg7 4.e4 d6 5.Be2 O-O 6.Nf3 e5 7.d5 a5 8.h3 Qe8 9.g4 Na6
10.Be3 b6 11.Nd2 Nd7 12.a3 f5 13.exf5 gxf5 14.gxf5 e4 15.Ndxe4 Nac5 16.Ng3 Ne5
17.Nb5 Qe7 18.Nd4 Ned3+ 19.Kf1 Nxb2 20.Qc2 Nba4 21.Rd1 Qh4 22.Nf3 Qf6 23.Nd4 Qh4
24.Bg4 Kh8 25.Nh5 Be5 26.f4 Bxd4 27.Bxd4+ Kg8 28.Rg1 Kf7 29.f6 Rh8 30.Bf2 Qxh3+
31.Bxh3 Bxh3+ 32.Ke2 Ne4  1-0

[Event "Hajduszoboszlo zt (Women)"]
[Site "Hajduszoboszlo"]
[Date "1991.??.??"]
[Round "4"]
[White "Koen, Maja"]
[Black "Kubikova, Hana"]
[Result "1/2-1/2"]
[WhiteElo "2215"]
[BlackElo "2165"]

1.d4 Nf6 2.c4 g6 3.Nc3 Bg7 4.e4 d6 5.Be2 O-O 6.Nf3 e5 7.d5 a5 8.g3 Na6 9.Nh4 Nc5
10.f3 Bd7 11.Be3 b6 12.Qc2 Qe7 13.O-O Ne8 14.Ng2 f5 15.Rae1 Nf6 16.exf5 Bxf5
17.Qd2 Rae8 18.g4 Bd7 19.Bxc5 bxc5 20.Bd3 Qd8 21.Ne4 Nxe4 22.Bxe4 Qa8 23.h4 Rb8
24.Re2 Rb4 25.Qd3 Rfb8 26.h5 Rxb2 27.hxg6 hxg6 28.Bxg6 Rxe2 29.Qxe2 Bf6 30.Bd3 Rf8
31.Qe4 Rf7 32.Qg6+ Kf8 33.Ne3 Qd8 34.f4 exf4 35.Rxf4 Qe7 36.Re4 Be5 37.Qh6+ Rg7
38.Qh8+ Rg8 39.Qh6+  1/2-1/2

[Event "Hamburg SKA"]
[Site "Hamburg"]
[Date "1991.??.??"]
[Round "?"]
[White "Hansen, Curt"]
[Black "Knaak, Rainer"]
[Result "1-0"]
[WhiteElo "2565"]
[BlackElo "2515"]

1.d4 Nf6 2.c4 d6 3.Nc3 Nbd7 4.Nf3 g6 5.e4 e5 6.Be2 Bg7 7.O-O O-O 8.Qc2 Nh5
9.Bg5 f6 10.Be3 Nf4 11.Rad1 Nxe2+ 12.Qxe2 b6 13.dxe5 Nxe5 14.Nd4 a6 15.h3 c5
16.Nf3 Be6 17.Nxe5 fxe5 18.Qd3 Qh4 19.Qxd6 Rae8 20.Rd2 g5 21.f3 Bxc4 22.Rfd1 Re6
23.Qd7 g4 24.Nd5 Rfe8 25.fxg4 Bb5 26.Qa7 Rf8 27.Nc7 Ref6 28.Nxb5 axb5 29.Rd7 Rg6
30.Qb7 Qg3 31.Qd5+ Kh8 32.Qd2 Rgf6 33.Rd8 Rxd8 34.Qxd8+ Rf8 35.Qd2 Qh4 36.Bg5 Qg3
37.Re1 Bf6 38.Rf1 Bxg5 39.Rxf8+ Kg7 40.Rf3 Qxg4 41.Qd5  1-0

[Event "Hamburg SKA"]
[Site "Hamburg"]
[Date "1991.??.??"]
[Round "?"]
[White "Wegner, Hannu"]
[Black "Knaak, Rainer"]
[Result "1/2-1/2"]
[WhiteElo "2435"]
[BlackElo "2515"]

1.Nf3 Nf6 2.d4 g6 3.c4 d6 4.Nc3 Nbd7 5.e4 e5 6.Be2 Bg7 7.O-O O-O 8.Qc2 Nh5
9.Rd1 Nf4 10.Bf1 c5 11.dxe5 dxe5 12.Nd5 Ne6 13.Bd3 Nb8 14.a3 Nc6 15.Be3 g5
16.b4 g4 17.Nd2 Ncd4 18.Bxd4 Nxd4 19.Qb1 cxb4 20.axb4 h5 21.Nb3 h4 22.Nxd4 exd4
23.f4 Be6 24.Qb3 Bxd5 25.cxd5 Rc8 26.Rac1 Rc3 27.Rxc3 dxc3 28.e5 Qb6+ 29.Kh1 Rc8
30.Bf5 Qf2 31.Qc2 Qxf4 32.Bxc8 Bxe5 33.Kg1 Qxh2+ 34.Kf1 Qf4+ 35.Ke2 Qc4+
36.Qd3 Qxc8 37.d6 Qd7 38.Qd5 Bf6 39.Rf1 Kg7 40.Rf4 g3 41.Kf3 b5 42.Rg4+ Kf8
43.Re4 a6 44.Qa8+ Bd8 45.Qd5 Bf6 46.Qa8+ Kg7 47.Qd5 Qa7 48.Rg4+ Kf8 49.Rf4 c2
50.Qc6 Bg5 51.Ke4 Bxf4 52.Qc8+ Kg7 53.Qg4+ Kf8 54.Qc8+ Kg7 55.Qg4+ Kh7 56.Qf5+ Kh8
57.Qc8+  1/2-1/2

[Event "Hamburg SKA"]
[Site "Hamburg"]
[Date "1991.??.??"]
[Round "?"]
[White "Cramling, Pia"]
[Black "Wahls, Matthias"]
[Result "1/2-1/2"]
[WhiteElo "2470"]
[BlackElo "2560"]

1.d4 Nf6 2.c4 g6 3.Nc3 Bg7 4.e4 d6 5.Nf3 O-O 6.Be2 e5 7.dxe5 dxe5 8.Qxd8 Rxd8
9.Bg5 c6 10.Nxe5 Re8 11.O-O-O Na6 12.f4 h6 13.Bh4 g5 14.Bf2 gxf4 15.Nf3 Bg4
16.h3 Bh5 17.e5 Bxf3 18.gxf3 Nh5 19.Rhg1 Kf8 20.Ne4 Bxe5 21.Bd3 b6 22.c5 b5
23.Nd6 Red8 24.Nxf7 Kxf7 25.Bg6+ Kf8 26.Bxh5 Nb4 27.Bh4 Nxa2+ 28.Kb1 Rxd1+
29.Rxd1 Nb4 30.Rd7 Nd5 31.Rf7+ Kg8 32.Rf5 Bc7 33.Bf7+ Kg7 34.Bxd5 cxd5 35.Rxd5 Rc8
36.Kc2 a5 37.Kd3 a4 38.Be1 Kf7 39.Bc3 Bd8 40.c6 Be7 41.Rxb5 Rxc6 42.Ra5 Re6
43.Bd4 Bf6 44.Rf5 Kg6 45.Rxf4 Bxd4 46.Rxd4 Ra6 47.Ke4 a3 48.bxa3 Rxa3 49.Rd6+ Kg7
50.h4  1/2-1/2

[Event "Hamburg-ch"]
[Site "Hamburg"]
[Date "1991.??.??"]
[Round "2"]
[White "Michaelsen, Nils"]
[Black "Stanke, Juergen"]
[Result "1/2-1/2"]
[WhiteElo "2315"]
[BlackElo "2215"]

1.d4 Nf6 2.c4 d6 3.Nc3 Nbd7 4.e4 e5 5.Nf3 g6 6.Be2 Bg7 7.O-O O-O 8.Re1 c6
9.Bf1 a5 10.Rb1 Qe7 11.b3 exd4 12.Nxd4 Ng4 13.Qxg4 Bxd4 14.Qg3 Nc5 15.Bg5 Qe5
16.Bf4 Qf6 17.e5 dxe5 18.Bxe5 Bxe5 19.Rxe5 b6 20.Rbe1 Be6 21.Ne4  1/2-1/2

[Event "Hastings Challengers9192"]
[Site "Hastings"]
[Date "1991.??.??"]
[Round "?"]
[White "Neverov, Valeriy"]
[Black "Buckley, Graeme"]
[Result "1-0"]
[WhiteElo "2540"]
[BlackElo "2285"]

1.d4 Nf6 2.c4 g6 3.Nc3 Bg7 4.e4 O-O 5.Nf3 d6 6.Be2 e5 7.O-O Nbd7 8.Qc2 c6
9.Rd1 Qe7 10.d5 c5 11.Bg5 h6 12.Bd2 Ne8 13.g3 f5 14.Nh4 Qf7 15.exf5 gxf5
16.f4 e4 17.Kh1 Ndf6 18.Rg1 h5 19.h3 Nc7 20.Raf1 b5 21.b3 Rb8 22.Nd1 bxc4
23.bxc4 Bd7 24.Ne3 Nh7 25.Qd1 Rb2 26.Bxh5 Qf6 27.Bg6 Rxa2 28.Qh5  1-0

[Event "Hastings Challengers9192"]
[Site "Hastings"]
[Date "1991.??.??"]
[Round "?"]
[White "Rossiter, Philip J"]
[Black "Timoshchenko, Gennadi A"]
[Result "1-0"]
[WhiteElo "2320"]
[BlackElo "2505"]

1.d4 Nf6 2.Nf3 g6 3.c4 Bg7 4.Nc3 O-O 5.e4 d6 6.Be2 e5 7.d5 a5 8.Bg5 h6 9.Bh4 Na6
10.Nd2 Qe8 11.Rb1 Bd7 12.b3 Nh7 13.a3 h5 14.f3 Bh6 15.Bf2 Qe7 16.h4 c5 17.dxc6 bxc6
18.b4 axb4 19.axb4 Rfb8 20.b5 Nc5 21.Nb3 Nxb3 22.Qxb3 Nf8 23.b6 Rb7 24.c5 dxc5
25.O-O Ne6 26.Ra1 Rxa1 27.Rxa1 Nd4 28.Qb2 c4 29.Bxc4 Qc5 30.Qa2 Qxb6 31.Bxf7+ Kg7
32.Bc4 Kh7 33.Qa8 Rb8 34.Qa7 Qxa7 35.Rxa7 Rd8 36.Na4 Bg7 37.Nc5 Bc8 38.Re7 Kh6
39.Be3+ Kh7 40.Bg5 Rf8 41.Nd3 Nb5 42.Nxe5 Nd6 43.Ba2 c5 44.Rc7  1-0

[Event "Hastings Challengers9192"]
[Site "Hastings"]
[Date "1991.??.??"]
[Round "?"]
[White "Wells, Peter K"]
[Black "Moss, Robin"]
[Result "1-0"]
[WhiteElo "2465"]
[BlackElo "2285"]

1.Nf3 Nf6 2.c4 g6 3.Nc3 Bg7 4.d4 O-O 5.e4 d6 6.Be2 e5 7.O-O Na6 8.Be3 Ng4
9.Bg5 Qe8 10.dxe5 dxe5 11.Nd2 Bf6 12.h4 h6 13.Bxg4 hxg5 14.Nd5 Bd8 15.Bxc8 Rxc8
16.hxg5 c6 17.Qg4 Ra8 18.Nf6+ Bxf6 19.gxf6 Nc5 20.Nf3 Qe6 21.Qh4 Rfd8 22.Rad1 a5
23.b3 Rd7 24.Nh2 Rd4 25.Ng4 Nxe4 26.Rxd4 exd4 27.Re1 g5 28.Qh6  1-0

[Event "Helsingborg-A"]
[Site "Helsingborg"]
[Date "1991.??.??"]
[Round "?"]
[White "Sandstrom, Ludvig"]
[Black "Madebrink, Lars"]
[Result "1/2-1/2"]
[WhiteElo "2225"]
[BlackElo "2245"]

1.d4 Nf6 2.c4 g6 3.Nc3 Bg7 4.e4 d6 5.Be2 O-O 6.Nf3 Nbd7 7.O-O e5 8.Qc2 c6
9.d5 Qe7 10.Be3 Ng4 11.Bg5 f6 12.Bd2 f5 13.exf5 gxf5 14.Ng5 Ndf6 15.h3 Nh6
16.f4 e4 17.Be3 Nf7 18.Nxf7 Qxf7 19.Rad1 c5 20.a3 Kh8 21.Kh2 Rg8 22.Rg1 Bd7
23.b4 b6 24.bxc5 dxc5 25.Qd2 Bf8 26.Rb1 Bd6 27.g3 Rg6 28.a4  1/2-1/2

[Event "Helsingborg-B"]
[Site "Helsingborg"]
[Date "1991.??.??"]
[Round "?"]
[White "Hultin, Johan"]
[Black "Eriksson, Johan"]
[Result "0-1"]
[WhiteElo "2235"]
[BlackElo "2225"]

1.d4 Nf6 2.c4 g6 3.Nc3 Bg7 4.e4 d6 5.Be2 O-O 6.Nf3 e5 7.Be3 exd4 8.Nxd4 Re8
9.f3 c6 10.Qd2 d5 11.exd5 cxd5 12.c5 Qe7 13.Nc2 Nbd7 14.Bb5 Qxc5 15.O-O-O Qc7
16.Rhe1 a6 17.Ba4 b5 18.Bf4 Ne5 19.Bb3 Nd3+ 20.Qxd3 Qxf4+ 21.Kb1 Bf5 22.Nxd5 Qxh2
23.Nxf6+ Bxf6 24.Qd5 Qc7 25.g4 Be6 26.Qd6 Qxd6 27.Rxd6 Bxb3 28.Rxe8+ Rxe8
29.axb3 Re6 30.Rd5 Kf8 31.Nd4 Re3  0-1

[Event "Helsinki op"]
[Site "Helsinki"]
[Date "1991.??.??"]
[Round "?"]
[White "Engqvist, Thomas"]
[Black "Manninen, Marko"]
[Result "0-1"]
[WhiteElo "2355"]
[BlackElo "2310"]

1.d4 Nf6 2.c4 g6 3.Nc3 Bg7 4.e4 d6 5.Nf3 O-O 6.Be2 e5 7.dxe5 dxe5 8.Qxd8 Rxd8
9.Bg5 c6 10.Nxe5 Re8 11.O-O-O Na6 12.Rd6 Be6 13.Nf3 Nc5 14.Nd2 Nfd7 15.Ndb1 f5
16.f3 fxe4 17.fxe4 a5 18.Rdd1 a4 19.Kc2 a3 20.bxa3 Na4 21.Nxa4 Rxa4 22.Bc1 Ne5
23.Nc3 Ra5 24.Kb3 b5 25.Kb4 Rea8 26.c5 Nd3+  0-1

[Event "Helsinki op"]
[Site "Helsinki"]
[Date "1991.??.??"]
[Round "?"]
[White "Engqvist, Thomas"]
[Black "Scholseth, Tor Kristian"]
[Result "0-1"]
[WhiteElo "2355"]
[BlackElo "2320"]

1.d4 Nf6 2.Nf3 g6 3.c4 Bg7 4.Nc3 O-O 5.e4 d6 6.Be2 e5 7.dxe5 dxe5 8.Qxd8 Rxd8
9.Bg5 c6 10.h3 Nbd7 11.O-O-O Re8 12.Ne1 Nc5 13.f3 Ne6 14.Be3 Nh5 15.Nc2 Ng3
16.Rhg1 Nf4 17.Rd2 Bh6 18.Rgd1 Be6 19.b3 a6 20.Bf1 b5 21.c5 a5 22.Ne2 Ngxe2+
23.Bxe2 Nxe2+ 24.Rxe2 Bf8 25.Red2 Be7 26.Ne1 Red8 27.Nd3 f6 28.g4 Rd7 29.f4 exf4
30.Bxf4 Rad8 31.Be3 Kf7 32.Kc2 Ke8 33.Rf1 a4 34.Rfd1 axb3+ 35.axb3 f5 36.exf5 gxf5
37.g5 Bd5 38.Kc3 Bf3 39.Re1 Be4 40.Red1 Rd5 41.Nb4 Rxd2 42.Rxd2 Rxd2 43.Kxd2 Kf7
44.Nd3 Bxd3 45.Kxd3 Kg6 46.h4 Bf8 47.Ke2 Bg7 48.Kf3 Be5 49.Bf4 Bc3 50.Bd6 Be1
51.Bg3 Ba5 52.Bf2 Bd8 53.b4 Bc7 54.Bg3 Bd8 55.Be5 h6 56.gxh6 Bxh4 57.Bh2 Bg5
58.Bf4 Kxh6 59.Kg3 Kg6 60.Bc7 Bd2 61.Ba5 Kf6 62.Kf3 Ke5 63.Ke2 Bc3 64.Kd3 Be1
65.Ke2 Bh4 66.Bc7+ Kd4 67.Kf3 Bg5 68.Bg3 Bd2 69.Ke2 Bxb4 70.Kf3 Bxc5  0-1

[Event "Herning"]
[Site "Herning"]
[Date "1991.??.??"]
[Round "?"]
[White "Cebalo, Miso"]
[Black "Berg, Klaus"]
[Result "1-0"]
[WhiteElo "2525"]
[BlackElo "2390"]

1.d4 Nf6 2.Nf3 g6 3.c4 Bg7 4.Nc3 O-O 5.e4 d6 6.Be2 e5 7.O-O Na6 8.Be3 c6
9.dxe5 dxe5 10.h3 Qe7 11.Qa4 Re8 12.Rfd1 Nc5 13.Qc2 a5 14.Bxc5 Qxc5 15.Na4 Qe7
16.c5 Nh5 17.Nb6 Rb8 18.Rd6 Nf4 19.Bc4 Be6 20.Rad1 Rbd8 21.Qd2 Rxd6 22.cxd6 Qf6
23.Bxe6 Qxe6 24.d7 Rd8 25.Qxa5 Ne2+ 26.Kh1 Nd4 27.Nxd4 exd4 28.f4 h5 29.e5 g5
30.Rxd4 gxf4 31.Rxf4 Bxe5 32.Re4 f6 33.Re1 Qf5 34.Nc4 Rxd7 35.Nxe5 fxe5 36.Qxe5 Qg6
37.Re3 h4 38.Re4 Kh7  1-0

[Event "Hessen-Baden"]
[Site "Hessen"]
[Date "1991.??.??"]
[Round "?"]
[White "Neidhardt, Claus Ulrich"]
[Black "Neurohr, Stephan"]
[Result "1-0"]
[WhiteElo "2325"]
[BlackElo "2335"]

1.d4 Nf6 2.c4 g6 3.Nc3 Bg7 4.Nf3 O-O 5.e4 d6 6.Be2 e5 7.Be3 h6 8.O-O Ng4
9.Bc1 Nc6 10.d5 Ne7 11.Ne1 f5 12.Bxg4 fxg4 13.Be3 g5 14.c5 Ng6 15.a4 Rf6
16.cxd6 cxd6 17.Nb5 a6 18.Na3 Bd7 19.Nc4 b5 20.Nb6 bxa4 21.Nxd7 Qxd7 22.Rxa4 Qb5
23.Qc2 Rff8 24.Rc4 Rab8 25.Nd3 Nf4 26.Nb4 Rb7 27.g3 Nh5 28.Ra1 a5 29.Nc6 Bf6
30.Rxa5 Qxb2 31.Qxb2 Rxb2 32.Ra6 Bd8 33.Na7 Rb7 34.Rxd6 Nf4 35.gxf4 exf4
36.Bc1 Rxa7 37.e5 Ra1 38.Kg2 Be7 39.Rxh6 Ba3 40.Rhc6  1-0

[Event "Hessen-ch"]
[Site "Hessen"]
[Date "1991.??.??"]
[Round "11"]
[White "Roeschlau, Bernd"]
[Black "Alber, Horst"]
[Result "1/2-1/2"]
[WhiteElo "2315"]
[BlackElo "2335"]

1.d4 Nf6 2.c4 g6 3.Nc3 Bg7 4.e4 d6 5.Nf3 O-O 6.Be2 e5 7.dxe5 dxe5 8.Qxd8 Rxd8
9.Bg5 Re8 10.O-O-O c6  1/2-1/2

[Event "CUB-ch"]
[Site "Holguin"]
[Date "1991.??.??"]
[Round "9"]
[White "Armas, Jorge"]
[Black "Becerra Rivero, Julio"]
[Result "1/2-1/2"]
[WhiteElo "2400"]
[BlackElo "2310"]

1.Nf3 Nf6 2.c4 g6 3.Nc3 Bg7 4.e4 d6 5.d4 O-O 6.Be2 e5 7.d5 a5 8.Bg5 h6 9.Bh4 Na6
10.Nd2 Qe8 11.Rb1 Bd7 12.b3 Nh7 13.g4 Bf6 14.Bxf6 Nxf6 15.Nf1 Nc5 16.Ng3 Kg7
17.h3 Rh8 18.Qd2 Qe7 19.Qe3 c6 20.Kf1 Ne8 21.a3 cxd5 22.cxd5  1/2-1/2

[Event "CUB-ch"]
[Site "Holguin"]
[Date "1991.??.??"]
[Round "11"]
[White "Gonzalez, Juan Carlos"]
[Black "Gavilanes, Antonio"]
[Result "1-0"]
[WhiteElo "2375"]
[BlackElo "2270"]

1.d4 Nf6 2.c4 g6 3.Nc3 Bg7 4.e4 O-O 5.Nf3 d6 6.Be2 e5 7.Be3 Ng4 8.Bg5 f6
9.Bh4 g5 10.Bg3 Nh6 11.dxe5 dxe5 12.h3 Nc6 13.O-O Be6 14.c5 Qe7 15.Nd5 Qf7
16.Qa4 Rfd8 17.Bb5 a6 18.Bxc6 bxc6 19.Nc3 Qe8 20.Rfd1 Rdb8 21.Qc2 a5 22.Nd2 Qe7
23.f3 Qxc5+ 24.Bf2 Qb4 25.Na4 Qb5 26.b3 Bf8 27.Rac1 Rd8 28.Bc5 Bxc5+ 29.Nxc5 Bf7
30.Nf1 Rd4 31.Nd7 Rxd1 32.Rxd1 a4 33.Nxf6+ Kg7 34.Ng4 Nxg4 35.hxg4 axb3 36.axb3 Qxb3
37.Qxb3 Bxb3 38.Rd7+ Kg6 39.Rxc7 Ra6 40.Ng3 Bf7 41.Nf5 Kf6 42.Kh2  1-0

[Event "HUN-chT"]
[Site "HUN"]
[Date "1991.??.??"]
[Round "?"]
[White "Pinter, Jozsef"]
[Black "Szekely, Peter"]
[Result "1-0"]
[WhiteElo "2565"]
[BlackElo "2430"]

1.d4 Nf6 2.c4 g6 3.Nc3 Bg7 4.e4 d6 5.Be2 O-O 6.Nf3 e5 7.O-O Na6 8.Re1 c6
9.Rb1 exd4 10.Nxd4 Re8 11.f3 Nc7 12.Bf1 d5 13.cxd5 Nfxd5 14.Nce2 Nb6 15.Nb3 Qxd1
16.Rxd1 Nb5 17.Nf4 a6 18.Nd3 Na4 19.Bg5 Be6 20.Rd2 h6 21.Be3 Rad8 22.Rbd1 b6
23.Nf4 Rxd2 24.Rxd2 Bc8 25.Bxb5 axb5 26.Nd4 Bb7 27.b3 Nc5 28.Kf2 Rc8 29.Nde2 Bf8
30.Nc1 b4 31.Ncd3 Nxd3+ 32.Nxd3 c5 33.Ne5 Bg7 34.Nc4 Bc3 35.Rc2 Rd8 36.Nxb6 Ba6
37.Nc4 Rd1 38.Bxh6 Rd3 39.Be3 Rd1 40.Bxc5 Ra1 41.Be3 f5 42.exf5 gxf5 43.h3 Bb5
44.Bd2 Bd4+ 45.Kg3 Bc5 46.Bf4 Bf8 47.Rd2 Kh7 48.Nd6 Bd7 49.Nf7 Bb5 50.Bd6 Bg7
51.Be5  1-0

[Event "HUN-chT"]
[Site "HUN"]
[Date "1991.??.??"]
[Round "?"]
[White "Sinkovics, Peter"]
[Black "Farago, Sandor"]
[Result "1-0"]
[WhiteElo "2370"]
[BlackElo "2410"]

1.d4 Nf6 2.Nf3 g6 3.c4 Bg7 4.Nc3 d6 5.e4 O-O 6.Be2 e5 7.O-O Nbd7 8.Be3 h6
9.d5 Ng4 10.Bd2 a5 11.Ne1 Ngf6 12.Nd3 Ne8 13.a3 f5 14.b4 axb4 15.axb4 Rxa1
16.Qxa1 fxe4 17.Nxe4 Nef6 18.f3 Kh7 19.Qa2 Nxe4 20.fxe4 Rxf1+ 21.Bxf1 Qh4
22.Nf2 Nf6 23.g3 Qh5 24.c5 Qf3 25.Qc4 Ng4 26.Nxg4 Bxg4 27.Qd3 Bf8 28.Be3 Be7
29.Bg2 Qf8 30.Qb5 Qc8 31.h3 Bxh3 32.Qf1 Bg5 33.Qf7+ Kh8 34.Bxg5 hxg5 35.Qxg6 g4
36.Bxh3 gxh3 37.Kh2 Qd7 38.Qh6+ Kg8 39.Qxh3 Qe7 40.Qg4+ Kf8 41.Qh4 Qf7 42.Qd8+ Kg7
43.Kg2 dxc5 44.bxc5 Kg6 45.Qh4 b6 46.Qg4+ Kh6 47.cxb6 cxb6 48.Qc8 Kg5 49.Qd8+ Kh5
50.Qh8+ Kg6 51.Qxe5 Qd7 52.d6 Qa4 53.Qf5+ Kh6 54.d7 Qc2+ 55.Kh3 Qd3 56.Qf6+ Kh5
57.d8=Q Qxg3+ 58.Kxg3  1-0

[Event "IRL-ch"]
[Site "IRL"]
[Date "1991.??.??"]
[Round "?"]
[White "Short, Philip M"]
[Black "Daly, Colm"]
[Result "1/2-1/2"]
[WhiteElo "2310"]
[BlackElo "2220"]

1.d4 Nf6 2.Nf3 g6 3.c4 Bg7 4.Nc3 d6 5.e4 O-O 6.Be2 e5 7.O-O Na6 8.Be3 Qe8
9.dxe5 dxe5 10.Nd2 c6 11.a3 Qe7 12.b4 Rd8 13.h3 Nc7 14.Qc2 Ne6 15.Rad1 Nd4
16.Bxd4 Rxd4 17.Nb3 Rxd1 18.Rxd1 Bf8 19.Qd2 Be6 20.Qg5 Nd7 21.Qxe7 Bxe7 22.Na5 Rb8
23.c5 Bd8 24.Nc4 Bc7 25.Nd6 a5 26.Bg4 Nf8 27.Bxe6 Nxe6 28.Nc4 axb4 29.axb4 Ra8
30.Rd7 Ra1+ 31.Rd1 Ra8 32.Rd7 Ra1+ 33.Rd1 Rxd1+ 34.Nxd1 Nd4 35.Nc3 Kf8 36.Kf1 Ke7
37.Ne3 h5 38.g4 hxg4 39.hxg4 Ke6 40.Ne2 Nf3 41.Nc3 b6 42.Ke2 Nd4+ 43.Kd3 bxc5
44.bxc5 Ba5 45.Nc4 Bxc3 46.Kxc3 Kf6 47.Nd6 Ke7 48.Nc4 f6 49.g5 Ne6 50.gxf6+ Kxf6
51.Kb4  1/2-1/2

[Event "Jurmala"]
[Site "Jurmala"]
[Date "1991.??.??"]
[Round "?"]
[White "Sokolov, Andrei"]
[Black "Shchekachev, Andrei"]
[Result "1/2-1/2"]
[WhiteElo "2360"]
[BlackElo "2355"]

1.d4 g6 2.c4 Nf6 3.Nc3 Bg7 4.e4 d6 5.Nf3 O-O 6.Be2 e5 7.Be3 h6 8.h3 exd4
9.Nxd4 Re8 10.Qc2 Qe7 11.Bf3 c5 12.Nb3 Nc6 13.O-O Be6 14.Nd5 Bxd5 15.exd5 Ne5
16.Be2 b5 17.Rad1 Nxc4 18.Bxc4 bxc4 19.Na5 c3 20.bxc3 Qe4 21.Qxe4 Rxe4 22.c4 Nd7
23.Rc1 Nb6 24.Rfe1 Rae8 25.Bd2 Kf8 26.Kf1 g5 27.f3 Rxe1+ 28.Rxe1 Be5 29.g4  1/2-1/2

[Event "Jyvaskyla op"]
[Site "Jyvaskyla"]
[Date "1991.??.??"]
[Round "2"]
[White "Khenkin, Igor"]
[Black "Salo, Heikki"]
[Result "1-0"]
[WhiteElo "2470"]
[BlackElo "2240"]

1.d4 Nf6 2.c4 g6 3.Nc3 Bg7 4.e4 d6 5.Be2 O-O 6.Nf3 e5 7.d5 a5 8.Be3 Na6 9.Nd2 Ne8
10.g4 f5 11.gxf5 gxf5 12.exf5 Nc5 13.Nb3 b6 14.Nxc5 dxc5 15.d6 Bxf5 16.dxc7 Nxc7
17.Bf3 e4 18.Nxe4 Bxb2 19.Rg1+ Kh8 20.Rb1 Bd4 21.Rxb6 Bxe3 22.fxe3 Qxd1+
23.Kxd1 Rab8 24.Rxb8 Rxb8 25.Rg5 Rf8 26.Nd6 Bb1 27.Ke2 Ne6 28.Re5 Rf6 29.a3 Ba2
30.Bd5  1-0